Los Últimos hallazgos de Ampurias
Colección:
San Jorge,
; núm. 22 (abril 1956), pàg 40-43
Idioma:
Español
MARC
| LEADER | 00000naa a2200000 a 4500 | ||
|---|---|---|---|
| 003 | Arxiu | ||
| 005 | 20260324181508.0 | ||
| 008 | 160829s1956 spcaxx s spa c | ||
| 040 | |a AGDB | ||
| 245 | 0 | 4 | |a Los Últimos hallazgos de Ampurias |
| 490 | |a San Jorge, |v núm. 22 (abril 1956), pàg 40-43 | ||
| 500 | |a Fotografies cedides pel Servicio de Conservación de Monumentos | ||
| 650 | 0 | |a Excavacions arqueològiques |z Girona (Província) |9 33570 | |
| 651 | 0 | |a Empúries (Ciutat antiga) |9 54667 | |
| 710 | |9 54088 |a Barcelona (Catalunya : Província). |b Servei de Catalogació i Conservació de Monuments |e fotografies | ||
| 773 | |g Núm. 22 (abril 1956), pàg 40-43 |t San Jorge. | ||
| 901 | |a Arxiu | ||
| 942 | |n 1 |2 udc |c ART | ||
| 952 | |0 0 |1 0 |4 0 |6 REV511 |7 1 |9 66266 |a Arxiu |b Arxiu |d 2023-05-08 |l 0 |o Rev-511 |r 2023-05-08 00:00:00 |w 2023-05-08 |y ARXIU |z També disponible a Rev-525 | ||
| 999 | |c 49877 |d 49877 | ||